BIBLIOTECA

SENCICO

Oxford Placement Test 1 : Grammar Test (Registro nro. 2886)

Detalles MARC
000 -LEADER
fixed length control field 00362nam a2200157Ia 4500
005 - DATE AND TIME OF LATEST TRANSACTION
control field 20251020182556.0
008 - FIXED-LENGTH DATA ELEMENTS--GENERAL INFORMATION
fixed length control field 200515s9999 xx 000 0 und d
082 ## - DEWEY DECIMAL CLASSIFICATION NUMBER
Classification number R/801.321=22T3/A47
100 ## - MAIN ENTRY--PERSONAL NAME
Personal name ALLAN, Dave
245 #0 - TITLE STATEMENT
Title Oxford Placement Test 1 : Grammar Test
260 ## - PUBLICATION, DISTRIBUTION, ETC.
Place of publication, distribution, etc. New York
260 ## - PUBLICATION, DISTRIBUTION, ETC.
Date of publication, distribution, etc. 1992
650 ## - SUBJECT ADDED ENTRY--TOPICAL TERM
Topical term or geographic name entry element INGLES
650 ## - SUBJECT ADDED ENTRY--TOPICAL TERM
Topical term or geographic name entry element LIB
942 ## - ADDED ENTRY ELEMENTS (KOHA)
Koha item type Libros
Existencias
Fecha de la última vez que lo usaron Pago total Signatura topográfica completa Código de barras Precio efectivo desde Tipo de documento Estado perdido Estado dañado No es para préstamo Retirado Ubicación permanente Ubicación actual Fecha de adquisición
15/05/2020   R/801.321=22T3/A47 Bib-Lima15052886 15/05/2020 Libros         Biblioteca Central Lima Biblioteca Central Lima 15/05/2020